000 00428nam a2200169Ia 4500
008 210210b1996 xxu||||| |||| 00| 0 eng d
020 _a81 219 1415 9
082 _a530 VIVP
100 _aVIVEKANANDAN (P)
245 _aPre-university physics. II PUC V2
260 _aND
_bS. Chand & Co. Ltd.
_c1996
300 _aviii,633
650 _aPhysics II PUC
690 _aPhysics
700 _aSRIKANTA (B S).
906 _a052339
999 _c100679
_d100679